00510nam a2200193 a 4500001001300000003000900013005001700022008004100039020001000080082001700090100002900107245005300136260003200189300001000221500003500231505001000266650001100276700002900287nice12345678IN_TiNIC20260116011613.0050524s1914 dela grp 000 0 ara  ac10000a297.124bTON aTonki, Mohammad Abdullah aKitab Nazhat Un-Nazar-Fi-Tawdih Nakhbat Ul-Fikr. aDelhibMujtabai Pressc1914 a121p. aincludes index and biblioraphy2 aIndex aHadith1 aTonki, Mohammad Abdullah